000 00611nam a2200193Ia 4500
005 20260114185753.0
008 008 260114s9999 xx 000 0 eng d
020 _a9781501354670
037 _aEBOOK
040 _aCRL
_beng
_cCRL
041 _aeng
_2eng
084 _qCRL
100 _aMike Alleyne and Kirsty Fairclough
_9874195
245 0 _aPrince and Popular Music Critical Perspectives on an Interdisciplinary Life
260 _bBloomsbury
_c2020
856 _uhttps://doi.org/10.5040/9781501354670?locatt=label:secondary_bloomsburyCollections
942 _cEBOOK
999 _c1473129
_d1473129